Sinh lý bệnh /

Spremljeno u:
Bibliografski detalji
Glavni autor: Vũ Triệu An
Format: Knjiga
Jezik:Vietnamese
Izdano: H. : Nhà xuất bản Y học và Thể dục thể thao , 1970
Teme:
Oznake: Dodaj oznaku
Bez oznaka, Budi prvi tko označuje ovaj zapis!
Thư viện lưu trữ: Thư viện Trường CĐ Kỹ Thuật Cao Thắng
LEADER 00646nam a2200205 a 4500
001 TVCDKTCT2776
003 Thư viện trường Cao đẳng Kỹ thuật Cao Thắng
005 20050824000000
008 050824
980 \ \ |a Thư viện Trường CĐ Kỹ Thuật Cao Thắng 
024 |a RG_1 #1 eb0 i1 
041 0 # |a vie 
082 # # |a 571.9 /   |b V500A-s 
100 1 # |a Vũ Triệu An 
245 0 0 |a Sinh lý bệnh /  |c Vũ Triệu An 
260 # # |a H. :  |b Nhà xuất bản Y học và Thể dục thể thao ,  |c 1970 
300 # # |a 281tr. ;  |c 27cm 
650 # 4 |a Sinh lý bệnh 
650 # 4 |a Y Học 
650 # 4 |a Điều trị